| 000 -ლიდერი |
| ფიქსირებული სიგრძის საკონტროლო ველი |
01594nam a2200277Ia 4500 |
| 001 - საკონტროლო ნომერი |
| საკონტროლო ველი |
23504 |
| 003 - საკონტროლო ნომრის იდენტიფიკატორი |
| საკონტროლო ველი |
GE_BSU |
| 005 - ბოლო ოპერაციის თარიღი და დრო |
| საკონტროლო ველი |
20260211174510.0 |
| 008 - ფიქსირებული სიგრძის მონაცემთა ელემენტები - ზოგადი ინფორმაცია |
| ფიქსირებული სიგრძის საკონტროლო ველი |
181216s2007||||ge |||||||||||||| ||geo|| |
| 020 ## - წიგნის საერთაშორისო სტანდარტული ნომერი |
| International Standard Book Number |
978-99940-59-72-0 |
| 040 ## - კატალოგიზაციის წყარო |
| Transcribing agency |
GE_BSU |
| 041 ## - ენის კოდი |
| Language code of text/sound track or separate title |
geo |
| 080 ## - უნივერსალური ათობითი კლასიფიკაციის ინდექსი |
| Universal Decimal Classification number |
94(479.22) + 94(55:560) + 94(560:470)+341.382 ვ-26 |
| 100 ## - მთავარი ჩანაწერი - პიროვნების სახელი |
| Personal name |
ვაჩნაძე, მერაბ |
| 9 (RLIN) |
26884 |
| 245 ## - ცნობა სათაურის შესახებ |
| Title |
ამასიიდან ყარსამდე : |
| Remainder of title |
საქ. ტერიტორიის გადანაწილება ირან-ოსმალეთ-რუსეთს შორის, 1955-1921 / |
| Statement of responsibility, etc |
მერაბ ვაჩნაძე, ვახტანგ გურული ; [რედ. დიმიტრი შველიძე]. |
| 264 ## - წარმოების, გამოცემის, დისტრიბუციის და სხვა ცნობები |
| გამოცემის, წარმოების, დისტრიბუციის... ადგილი |
თბილისი : |
| გამოცემის, წარმოების, დისტრიბუციის... სახელწოდება |
არტანუჯი, |
| გამოცემის, წარმოების, დისტრიბუციის... თარიღი |
2007. |
| 300 ## - ფიზიკური აღწერა |
| Extent |
102 გვ. ; |
| Dimensions |
20 სმ. |
| 504 ## - BIBLIOGRAPHY, ETC. NOTE |
| Bibliography, etc |
ბიბლიოგრაფია თავების ბოლოს |
| 653 ## - INDEX TERM--UNCONTROLLED |
| Uncontrolled term |
ამასიიდან ყარსამდე : საქ. ტერიტორიის გადანაწილება ირან-ოსმალეთ-რუსეთს შორის, 1955-1921 |
| 653 ## - INDEX TERM--UNCONTROLLED |
| Uncontrolled term |
ამასიის ზავი; ყარსის ხელშეკრულება |
| 653 ## - INDEX TERM--UNCONTROLLED |
| Uncontrolled term |
ისტორია |
| 700 ## - ADDED ENTRY--PERSONAL NAME |
| Personal name |
შველიძე, დიმიტრი |
| Relator term |
ავტორი. რედაქტორი |
| 9 (RLIN) |
26885 |
| 700 ## - ADDED ENTRY--PERSONAL NAME |
| Personal name |
გურული, ვახტანგ |
| Relator term |
ავტორი |
| 9 (RLIN) |
26886 |
| 942 ## - ADDED ENTRY ELEMENTS (KOHA) |
| Koha item type |
წიგნი |
| Source of classification or shelving scheme |
|